• 首页
  • 本馆介绍
  • 公告通知
  • 最新文献
  • 馆藏检索
  • 电子资源
  • 读者导购
  • 参考咨询
  • 我的图书馆
  • 登录
  • 详细信息显示
  • 放入我的书架
  • 预约/预借图书
  • 作者相关作品
  • 分类相关作品
  • 丛书相关作品
  • 出版社相关作品

书目信息

  • 表格格式
  • 工作单格式
  • 卡片格式
题名:
美术批评方法论
    
 
作者: 王林 编著
分册:  
出版信息: 重庆   西南师范大学出版社  2006
页数: 143页
开本: 28cm
丛书名:
单 册:
中图分类: J0-03
科图分类:
主题词: 美术批评--方法论--高等教育--教材 , 美术批评 , 方法论 , 艺术理论
电子资源:
ISBN: 7-5621-3605-X
000 00865nam0 2200265 450
001 1261705448
005 20121019171404.39
010    @a7-5621-3605-X@dCNY38.00
100    @a20060104d2006 em y0chiy50 ea
101 0  @achi
102    @aCN@b500000
105    @ay z 000yy
200 1  @a美术批评方法论@Amei shu pi ping fang fa lun@f王林著
210    @a重庆@c西南师范大学出版社@d2006
215    @a143页@c图@d28cm
300    @a普通高等教育“十五”国家级规划教材
330    @a本书论述了美术批评的基本概念、美术批评的阐释学基础、美术批评的理论思路、美术批评的写作方法、美术批评与运转机制、美术形态分析概要等内容。
606 0  @a美术批评@x方法论@x高等教育@j教材
606 0  @a美术批评
606 0  @a方法论
606 0  @a艺术理论
690    @aJ0-03@v4
701  0 @a王林@Awang lin@c(美术教师)@4编著
801  0 @aCN@bNLC@c20101222
905    @a10447@dJ0-03@eJY59
    
    美术批评方法论/王林著.-重庆:西南师范大学出版社,2006
    143页:图;28cm
    普通高等教育“十五”国家级规划教材
    
    ISBN 7-5621-3605-X:CNY38.00
    本书论述了美术批评的基本概念、美术批评的阐释学基础、美术批评的理论思路、美术批评的写作方法、美术批评与运转机制、美术形态分析概要等内容。
●
相关链接 在E读中查询图书 在五车中查询图书 在当当中查询图书 在豆瓣中查询图书


正题名:美术批评方法论     索取号:J0-03/JY59         预约/预借

序号 登录号 条形码 馆藏地/架位号 状态 备注
1 7833833   278338336   学院路分馆/ [索取号:J0-03/JY59] 在馆    
2 7833834   278338345   学院路分馆/ [索取号:J0-03/JY59] 在馆    
3 7833835   278338354   学院路分馆/ [索取号:J0-03/JY59] 在馆    
4 7833836   278338363   学院路分馆/ [索取号:J0-03/JY59] 在馆    
唐山师范学院图书馆 欢迎您!
大连网信软件有限公司© 版权所有